| Tag |
First Indicator |
Second Indicator |
Subfields |
| LEADER |
00000cam a2200000 a 4500 |
| 001 |
in00000011814 |
| 005 |
20151007051711.0 |
| 008 |
851015s1987 couab b 00000 eng |
| 010 |
|
|
|a 85026181
|
| 020 |
|
|
|a 0813374081 :
|c $38.50
|
| 035 |
|
|
|a (OCoLC)12804894
|
| 035 |
|
|
|9 AAA4360AM
|
| 040 |
|
|
|a DLC
|c DLC
|d TXA
|d UtOrBLW
|
| 043 |
|
|
|a f------
|
| 049 |
|
|
|a TXAM
|c [A12619430]
|
| 050 |
0 |
0 |
|a HB3661.A3
|b A35 1987
|
| 082 |
0 |
|
|a 304.6/096
|2 19
|
| 245 |
0 |
0 |
|a African population and capitalism :
|b historical perspectives /
|c edited by Dennis D. Cordell and Joel W. Gregory ; sponsored by the Joint Committee on African Studies of the American Council of Learned Societies and the Social Science Research Council.
|
| 264 |
|
1 |
|a Boulder, Colo. :
|b Westview Press,
|c 1987.
|
| 300 |
|
|
|a 302 pages :
|b illustrations, maps ;
|c 23 cm.
|
| 336 |
|
|
|a text
|b txt
|2 rdacontent
|
| 337 |
|
|
|a unmediated
|b n
|2 rdamedia
|
| 338 |
|
|
|a volume
|b nc
|2 rdacarrier
|
| 490 |
1 |
|
|a African modernization and development
|
| 504 |
|
|
|a Bibliography: pages 281-301.
|
| 651 |
|
0 |
|a Africa
|x Population
|x History.
|
| 650 |
|
0 |
|a Capitalism
|z Africa
|x History.
|
| 700 |
1 |
|
|a Cordell, Dennis D.,
|d 1947-
|
| 700 |
1 |
|
|a Gregory, Joel W.
|
| 710 |
2 |
|
|a Joint Committee on African Studies.
|
| 830 |
|
0 |
|a African modernization and development series.
|
| 999 |
|
|
|a MARS
|
| 999 |
f |
f |
|s 0fcce4f5-cebf-344f-ba29-0c267d6e2960
|i 6c13cfa6-5034-3b4c-a2e2-be06f8a4ad08
|t 0
|
| 952 |
f |
f |
|p ric
|a Texas A&M University
|b Rellis Campus
|c Joint Library Facility
|d Remote Storage
|t 0
|e HB3661.A3 A35 1987
|h Library of Congress classification
|i unmediated -- volume
|m A14812619430
|
| 998 |
f |
f |
|a HB3661.A3 A35 1987
|t 0
|l Remote Storage
|